Diversification strategy in small and medium size agribusiness in Czech Republic - impulses for searching business opportunities
V článku sú identifikované činitele vedúce k diverzifikácii MSP. Pojem diverzifikácia je vymedzený v zmysle novej podnikateľskej aktivity farmárov so zámerom využiť identifikovanú ziskovú príležitosť. Najčastejším impulzom vedúcim k diverzifikácii je efektívnejšie využitie výrobných faktorov poľnoho...
Gespeichert in:
| 1. Verfasser: | |
|---|---|
| Format: | Buchkapitel |
| Sprache: | Englisch |
| Schlagworte: | |
| Tags: |
Keine Tags, Fügen Sie das erste Tag hinzu!
|
MARC
| LEADER | 00000naa$a2200000$$$4500 | ||
|---|---|---|---|
| 001 | 0090172 | ||
| 005 | 20231129065627.3 | ||
| 041 | 0 | |a eng | |
| 044 | |a CZ | ||
| 245 | 1 | 0 | |a Diversification strategy in small and medium size agribusiness in Czech Republic - impulses for searching business opportunities |c Jan Hron |
| 520 | |a V článku sú identifikované činitele vedúce k diverzifikácii MSP. Pojem diverzifikácia je vymedzený v zmysle novej podnikateľskej aktivity farmárov so zámerom využiť identifikovanú ziskovú príležitosť. Najčastejším impulzom vedúcim k diverzifikácii je efektívnejšie využitie výrobných faktorov poľnohospodárskeho podniku. | ||
| 610 | 2 | 0 | |a podnik poľnohospodársky |
| 610 | 2 | 0 | |a podnik malý |
| 610 | 2 | 0 | |a podnik stredný |
| 610 | 2 | 0 | |a diverzifikácia |
| 100 | 1 | |a Hron, Jan | |